| 000 | 00819nam a22001577a 4500 | ||
|---|---|---|---|
| 003 | OSt | ||
| 005 | 20151003090658.0 | ||
| 008 | 151003b xxu||||| |||| 00| 0 eng d | ||
| 040 | _cRUA | ||
| 082 | _aAGR GNO 2012 B050 Or.1 | ||
| 100 |
_91833 _aGNOR, SENGLY |
||
| 245 | _aEffect of duration applicating direct seeding mulch based cropping system on soil fuana in chamkaler district,kompong cham province, ឥទ្ធិពលនៃរយៈពេលអនុរត្តប្រព័ន្ធដាំដុះដំណាំគម្របដីលើប្រជាករសត្វល្អិតក្នុងដីលក្ខខណ្ឌស្រុកចំការលើខេត្តកំពង់ចាម | ||
| 260 |
_aPhnom Penh _bRUA _c2012 |
||
| 300 |
_avii; 53p. _bill. _c29cm. |
||
| 942 |
_2ddc _cAGR |
||
| 999 |
_c1730 _d1730 |
||